Teoria General del Proceso/ (Registro nro. 8220)
[ vista simple ]
| 000 -LEADER | |
|---|---|
| fixed length control field | 00926nam a2200181Ia 4500 |
| 005 - FECHA Y HORA DE LA ÚLTIMA TRANSACCIÓN | |
| control field | 20250227172709.0 |
| 008 - FIXED-LENGTH DATA ELEMENTS--GENERAL INFORMATION | |
| fixed length control field | 230605s9999 xx 000 0 und d |
| 040 ## - CATALOGING SOURCE | |
| Original cataloging agency | UPAN |
| Transcribing agency | Biblioteca San Vicente |
| Description conventions | RCAA2 |
| 041 ## - LANGUAGE CODE | |
| Language code of text/sound track or separate title | spa |
| 082 ## - DEWEY DECIMAL CLASSIFICATION NUMBER | |
| Classification number | 347.05 |
| Item number | V377t |
| año de publicación | 1990 |
| 100 ## - MAIN ENTRY--PERSONAL NAME | |
| Personal name | Vasquez López. Luis |
| Relator code | aut. |
| 245 #0 - TITLE STATEMENT | |
| Title | Teoria General del Proceso/ |
| Remainder of title | Lic. Luis Vàsquez Lòpez |
| 260 ## - PUBLICATION, DISTRIBUTION, ETC. (IMPRINT) | |
| Place of publication, distribution, etc | El Salvador; |
| Name of publisher, distributor, etc | Lis, |
| Date of publication, distribution, etc | 2000? |
| 300 ## - PHYSICAL DESCRIPTION | |
| Extent | 111 p.: |
| Dimensions | 21 cm. |
| 505 ## - FORMATTED CONTENTS NOTE | |
| Formatted contents note | Capitulo I. Función jurisdiccional<br/>Capitulo II. Derecho de acción.<br/>Capitulo III. El derecho de excepción.<br/>Capitulo IV. El proceso. <br/>Capitulo V. Presupuestos procesales.<br/>Capitulo VI. Principios formativos.<br/>Capitulo VII. Funciones NO jurisdiccionales atribuidas.<br/>Capitulo VIII. La prueba.<br/>Capitulo IX. La sentencia.<br/>Capitulo X. Impugnación de las resoluciones judiciales.<br/>Capitulo XI. La cosa juzgada. |
| 650 ## - SUBJECT ADDED ENTRY--TOPICAL TERM | |
| Source of heading or term | LEMB |
| Topical term or geographic name as entry element | Proceso (Derecho) |
| 942 ## - ADDED ENTRY ELEMENTS (KOHA) | |
| Koha item type | Libros |
| Source of classification or shelving scheme | Dewey Decimal Classification |
| Withdrawn status | Lost status | Source of classification or shelving scheme | Damaged status | Not for loan | Collection code | Home library | Current library | Date acquired | Total Checkouts | Full call number | Barcode | Date last seen | Copy number | Price effective from | Koha item type |
|---|---|---|---|---|---|---|---|---|---|---|---|---|---|---|---|
| Dewey Decimal Classification | Colección General | Biblioteca UPAN San Vicente | Biblioteca UPAN San Vicente | 05/06/2023 | 347.05 V377t | 12000872 | 05/06/2023 | 01 | 05/06/2023 | Libros | |||||
| Dewey Decimal Classification | Colección General | Biblioteca UPAN San Vicente | Biblioteca UPAN San Vicente | 05/06/2023 | 347.05 V377t | 12000871 | 05/06/2023 | 02 | 05/06/2023 | Libros | |||||
| Dewey Decimal Classification | Colección General | Biblioteca UPAN San Vicente | Biblioteca UPAN San Vicente | 05/06/2023 | 347.05 V377t | 12000873 | 05/06/2023 | 03 | 05/06/2023 | Libros |